Raleigh-Durham International Airport Destinations (Raleigh, NC, USA) - Statistics

General Stats
  • This quiz has been taken 129 times
    36 since last reset
  • The average score is 68 of 85
Answer Stats
Airline Destination % Correct
Delta Air Lines/Frontier Airlines Atlanta
100%
Delta Connection/Southwest Airlines Austin
100%
Frontier Airlines Cleveland
100%
American Airlines/Frontier Airlines/Spirit Airlines Dallas/Fort Worth
100%
Southwest Airlines Dallas (Love)
100%
Southwest Airlines Houston (Hobby)
100%
Frontier Airlines/United Airlines/United Express Houston (Intercontinental)
100%
Delta Air Lines/Sun Country Airlines Minneapolis/St. Paul
100%
American Eagle/Delta Connection/Southwest Airlines Nashville
100%
Breeze Airways/Frontier Airlines/Southwest Airlines/Spirit Airlines New Orleans
100%
Breeze Airways/Delta Air Lines/Delta Connection/Frontier Airlines/Southwest Airlines Orlando
100%
American Airlines/American Eagle/Frontier Airlines Philadelphia
100%
American Eagle/Breeze Airways Pittsburgh
100%
Breeze Airways Portland (ME)
100%
Air Canada/Air Canada Express Toronto (Pearson)
100%
United Airlines/United Express Washington (Dulles)
100%
American Airlines/American Eagle/Delta Connection Washington (National)
100%
Delta Air Lines/Frontier Airlines/JetBlue Boston
96%
American Airlines Charlotte
96%
Delta Connection/Frontier Airlines Cincinnati
96%
Frontier Airlines/Southwest Airlines/United Airlines Denver
96%
Breeze Airways Jacksonville (FL)
96%
American Airlines London (Heathrow)
96%
American Airlines/Breeze Airways/Delta Air Lines Los Angeles
96%
Aeroméxico Connect Mexico City
96%
American Airlines/American Eagle/Delta Air Lines/Frontier Airlines Miami
96%
Air Canada Express Montréal (Trudeau)
96%
Air France/Delta Air Lines Paris (Charles de Gaulle)
96%
American Airlines/Southwest Airlines Phoenix (Sky Harbor)
96%
United Airlines San Francisco
96%
Alaska Airlines/Delta Air Lines Seattle/Tacoma
96%
Frontier Airlines Buffalo
93%
Southwest Airlines Chicago (Midway)
93%
American Airlines/American Eagle/Frontier Airlines/United Airlines/United Express Chicago (O'Hare)
93%
Breeze Airways Columbus (Glenn)
93%
Delta Connection/Frontier Airlines Indianapolis
93%
Delta Connection/Southwest Airlines Kansas City
93%
American Eagle/Delta Connection/JetBlue New York (JFK)
93%
American Airlines/American Eagle/Delta Air Lines/Delta Connection/Frontier Airlines New York (LaGuardia)
93%
Breeze Airways/Delta Air Lines/Frontier Airlines/Southwest Airlines Tampa
93%
Southwest Airlines Baltimore
89%
Aeroméxico/American Airlines/Delta Air Lines Cancún
89%
Delta Air Lines/Frontier Airlines Detroit
89%
Aer Lingus Dublin
89%
Breeze Airways Memphis
89%
Delta Connection/Spirit Airlines/United Airlines/United Express Newark
89%
Alaska Airlines/Breeze Airways San Diego
89%
WestJet Calgary
86%
Lufthansa Frankfurt
86%
Delta Air Lines/Frontier Airlines/Southwest Airlines Las Vegas
86%
Delta Air Lines Salt Lake City
86%
Air Canada Vancouver
86%
Avelo Airlines/Breeze Airways Albany
82%
Delta Air Lines/JetBlue/Southwest Airlines/Spirit Airlines Fort Lauderdale
82%
Breeze Airways Fort Myers
82%
Breeze Airways/Frontier Airlines Hartford
82%
Icelandair Reykjavík
82%
Breeze Airways Key West
79%
Southwest Airlines St. Louis
79%
Breeze Airways Louisville
75%
Copa Airlines Panama City (Tocumen)
75%
Breeze Airways/Frontier Airlines Syracuse
75%
Delta Air Lines/Frontier Airlines/JetBlue San Juan
71%
Breeze Airways Akron/Canton
68%
Avelo Airlines/Breeze Airways Rochester (NY)
68%
Avelo Airlines/Breeze Airways New Haven
64%
Breeze Airways Sarasota
61%
Breeze Airways West Palm Beach
61%
Breeze Airways/Frontier Airlines Long Island/Islip
54%
Breeze Airways Montego Bay
54%
Breeze Airways Providence
54%
American Airlines/Avelo Airlines/Breeze Airways Punta Cana
54%
Avelo Airlines Grand Rapids
50%
Avelo Airlines/Breeze Airways Manchester (NH)
50%
Breeze Airways Pensacola
50%
Avelo Airlines Wilmington (DE)
50%
Breeze Airways Bangor
43%
Breeze Airways Burlington (VT)
43%
Breeze Airways White Plains
43%
Breeze Airways Daytona Beach
32%
Breeze Airways Orange County
25%
Breeze Airways Vero Beach
25%
Breeze Airways Newburgh
21%
Breeze Airways Ogdensburg
18%
Breeze Airways Portsmouth
18%
No matching quizzes found
Score Distribution
Percent of People with Each Score
Percentile by Number Answered
Your Score History
You have not taken this quiz since the last reset